| 000 | 00481nam a2200145Ia 4500 | ||
|---|---|---|---|
| 008 | 230917s9999||||xx |||||||||||||| ||und|| | ||
| 040 |
_e248470 _aMAIN |
||
| 041 | _aEnglish | ||
| 082 | _a891.433721 AK13A | ||
| 100 | _aअभिता कुमार | ||
| 245 | 0 | _aअमरकान्त के उपन्यास 'इन्ही हथियारों से' में चित्रित समाज | |
| 260 | _c2014 | ||
| 300 | _a132 पृ. p. | ||
| 942 | _cTH | ||
| 999 |
_c127251 _d127251 |
||